000 004570000a22001810004500
003 MACL
005 20150821153917.0
008 150821b xxu||||| |||| 00| 0 eng d
040 _aMACL
_cMACL
041 _aEnglish
082 _a830/PAN
100 _aPanda, Himadri
_96553
245 _aHandbook of Composite Organic Farming
260 _bGene Tech Books
_c2008
_aNew Delhi
350 _a1150
650 _aAgriculture
_96554
942 _cBK
_k630/PAN
_2ddc
999 _c42819
_d42819